[Event "GER-ch Rapid (Women)"]
[Site "Goettingen"]
[Date "2022.09.25"]
[Round "9"]
[White "Voigt, Anastasia"]
[Black "Wulf, Constanze"]
[Result "1/2-1/2"]
[WhiteElo "1772"]
[BlackElo "1835"]
[PlyCount "63"]
[EventDate "2022.09.24"]
[EventType "swiss (rapid)"]
[EventRounds "9"]
[EventCountry "GER"]
[SourceTitle "CBM 210 Extra"]
[Source "ChessBase"]
[SourceDate "2022.11.30"]
[SourceVersion "1"]
[SourceVersionDate "2022.11.30"]
[SourceQuality "1"]

1. e4 d5 2. exd5 Qxd5 3. Nc3 Qd6 4. d4 Nf6 5. Nf3 a6 6. Be2 b5 7. a3 Bb7 8. Bg5 Nbd7 9. Bh4 e6 10. Bg3 Qb6 11. 0-0 Be7 12. Ne5 Rd8 13. Bf3 Nxe5 14. Bxe5 0-0 15. Qe2 Rd7 16. Rad1 Rfd8 17. Na2 Bxf3 18. Qxf3 c5 19. c3 Nd5 20. Nc1 Bf6 21. dxc5 Qxc5 22. Nd3 Qe7 23. Bxf6 Qxf6 24. Qe2 Nb6 25. Nc5 Rxd1 26. Rxd1 h6 27. Nxa6 Rxd1+ 28. Qxd1 Nc4 29. Qc2 Qe5 30. h3 Qe1+ 31. Kh2 Qe5+ 32. Kg1 1/2-1/2

[Event "GER-ch Rapid (Women)"]
[Site "Goettingen"]
[Date "2022.09.25"]
[Round "6"]
[White "Wulf, Constanze"]
[Black "Kozachenko, Maria"]
[Result "0-1"]
[WhiteElo "1835"]
[BlackElo "1875"]
[PlyCount "76"]
[EventDate "2022.09.24"]
[EventType "swiss (rapid)"]
[EventRounds "9"]
[EventCountry "GER"]
[SourceTitle "CBM 210 Extra"]
[Source "ChessBase"]
[SourceDate "2022.11.30"]
[SourceVersion "1"]
[SourceVersionDate "2022.11.30"]
[SourceQuality "1"]

1. e4 c5 2. Be2 d6 3. f4 Nf6 4. d3 Nc6 5. Nf3 Nd4 6. c3 Nxe2 7. Qxe2 e6 8. 0-0 Be7 9. Kh1 b6 10. Be3 Ba6 11. Nbd2 Qd7 12. Rae1 0-0 13. Ng5 Qb5 14. Nc4 h6 15. Nf3 Nxe4 16. f5 exf5 17. Bf4 d5 18. Ne3 Qxd3 19. Qxd3 Bxd3 20. Nxf5 Bf6 21. Ne3 Bxf1 22. Rxf1 Rad8 23. Ng4 Be7 24. Nfe5 Bd6 25. Nc6 Rd7 26. Bxd6 Nxd6 27. Nce5 Re7 28. Nc6 Rc7 29. Nce5 Re8 30. Nd3 Re2 31. Kg1 Rce7 32. Nf4 Rxb2 33. Nxd5 Ree2 34. Nge3 Nc4 35. Rf3 Rb1+ 36. Nf1 Nd2 37. Rf2 Rxf2 38. Kxf2 Nxf1 0-1

[Event "GER-ch blitz (Women)"]
[Site "Magdeburg"]
[Date "2022.08.13"]
[Round "11"]
[White "Fock, Sana"]
[Black "Wulf, Constanze"]
[Result "0-1"]
[WhiteElo "1681"]
[BlackElo "1848"]
[PlyCount "84"]
[EventDate "2022.08.13"]
[EventType "tourn (blitz)"]
[EventRounds "23"]
[EventCountry "GER"]
[SourceTitle "CBM 209 Extra"]
[Source "ChessBase"]
[SourceDate "2022.09.30"]
[SourceVersion "1"]
[SourceVersionDate "2022.09.30"]
[SourceQuality "1"]

1. e4 d5 2. exd5 Qxd5 3. Nc3 Qd6 4. d4 Nf6 5. Nf3 a6 6. Be2 b5 7. a3 Bb7 8. 0-0 e6 9. Bg5 Nbd7 10. Qd2 Be7 11. Bf4 Qb6 12. b4 0-0 13. a4 Bxb4 14. Rfb1 Ne4 15. Qd3 Bxc3 16. Ra3 Qc6 17. Ne5 Nxe5 18. Bxe5 b4 19. Rab3 a5 20. Bf3 f6 21. Bxe4 Qxe4 22. Qxe4 Bxe4 23. Bxc7 Bxd4 24. Rg3 Bxc2 25. Rc1 Bxa4 26. Bd6 Rac8 27. Re1 e5 28. Bxf8 Kxf8 29. h3 Kf7 30. Rd3 Bb5 31. Rdd1 Rc2 32. Kh1 Bxf2 33. Rd6 Ke7 34. Rb6 Bc4 35. Rb7+ Ke6 36. Rxg7 Bd4 37. Rxh7 Bd5 38. Rg7 e4 39. Rg6 e3 40. Rf1 e2 41. Re1 Rd2 42. Rg3 Rd1 0-1

[Event "GER-ch blitz (Women)"]
[Site "Magdeburg"]
[Date "2022.08.13"]
[Round "21"]
[White "Khrapko, Marharyta"]
[Black "Wulf, Constanze"]
[Result "1-0"]
[WhiteElo "2036"]
[BlackElo "1848"]
[PlyCount "57"]
[EventDate "2022.08.13"]
[EventType "tourn (blitz)"]
[EventRounds "23"]
[EventCountry "GER"]
[SourceTitle "CBM 209 Extra"]
[Source "ChessBase"]
[SourceDate "2022.09.30"]
[SourceVersion "1"]
[SourceVersionDate "2022.09.30"]
[SourceQuality "1"]

1. e4 d5 2. exd5 Qxd5 3. Nf3 Bg4 4. Be2 Nc6 5. c4 Qd6 6. d4 0-0-0 7. Be3 g6 8. 0-0 Bg7 9. Nc3 Bxf3 10. Bxf3 Nxd4 11. Bxd4 Qxd4 12. Qb3 Qb6 13. Qa3 e6 14. c5 Qa6 15. Qb4 Rd4 16. Qb3 Ne7 17. Nb5 Rd2 18. Rab1 Rhd8 19. Rfd1 Nc6 20. Bxc6 bxc6 21. Nd6+ cxd6 22. Rxd2 dxc5 23. Rxd8+ Kxd8 24. Qb8+ Ke7 25. Qc7+ Kf6 26. Qd8+ Kf5 27. h3 Qxa2 28. g4+ Kf4 29. Qd2+ 1-0

[Event "GER-ch blitz (Women)"]
[Site "Magdeburg"]
[Date "2022.08.13"]
[Round "9"]
[White "Leveikina, Jevgenija"]
[Black "Wulf, Constanze"]
[Result "1-0"]
[WhiteElo "2032"]
[BlackElo "1848"]
[PlyCount "61"]
[EventDate "2022.08.13"]
[EventType "tourn (blitz)"]
[EventRounds "23"]
[EventCountry "GER"]
[SourceTitle "CBM 209 Extra"]
[Source "ChessBase"]
[SourceDate "2022.09.30"]
[SourceVersion "1"]
[SourceVersionDate "2022.09.30"]
[SourceQuality "1"]

1. d4 d5 2. Nf3 c6 3. c4 e6 4. cxd5 exd5 5. Nc3 Bf5 6. Bf4 Nd7 7. e3 Ngf6 8. Bd3 Bxd3 9. Qxd3 Be7 10. 0-0 Nh5 11. Bg3 0-0 12. a3 Nxg3 13. hxg3 Re8 14. b4 a6 15. Rab1 b5 16. Rfc1 Nb6 17. Ne5 Qd6 18. e4 Nc4 19. Nxc4 bxc4 20. Qc2 Reb8 21. e5 Qe6 22. Ne2 a5 23. Nf4 Qg4 24. bxa5 Bxa3 25. Rxb8+ Rxb8 26. Rb1 Qc8 27. Rxb8 Qxb8 28. Qa4 Bb2 29. Qxc6 Qd8 30. a6 g6 31. a7 1-0

[Event "GER-ch blitz (Women)"]
[Site "Magdeburg"]
[Date "2022.08.13"]
[Round "8"]
[White "Wulf, Constanze"]
[Black "Kosovska, Olena"]
[Result "0-1"]
[WhiteElo "1848"]
[BlackElo "1865"]
[PlyCount "46"]
[EventDate "2022.08.13"]
[EventType "tourn (blitz)"]
[EventRounds "23"]
[EventCountry "GER"]
[SourceTitle "CBM 209 Extra"]
[Source "ChessBase"]
[SourceDate "2022.09.30"]
[SourceVersion "1"]
[SourceVersionDate "2022.09.30"]
[SourceQuality "1"]

1. Nf3 c5 2. b3 d5 3. Bb2 e6 4. e3 Nf6 5. Bb5+ Nc6 6. 0-0 Be7 7. d3 0-0 8. Bxc6 bxc6 9. Nbd2 Rb8 10. Re1 Ba6 11. e4 c4 12. dxc4 dxc4 13. Be5 Rb4 14. c3 Rb7 15. Nxc4 Bxc4 16. bxc4 Qa5 17. Qe2 Ng4 18. Bd4 c5 19. Be5 Nxe5 20. Nxe5 Qxc3 21. Nf3 Rb2 22. Qf1 Rfb8 23. Rac1 Qa5 0-1

[Event "GER-ch blitz (Women)"]
[Site "Magdeburg"]
[Date "2022.08.13"]
[Round "5"]
[White "Wulf, Constanze"]
[Black "Paehtz, Elisabeth"]
[Result "0-1"]
[WhiteElo "1848"]
[BlackElo "2390"]
[PlyCount "52"]
[EventDate "2022.08.13"]
[EventType "tourn (blitz)"]
[EventRounds "23"]
[EventCountry "GER"]
[SourceTitle "CBM 209 Extra"]
[Source "ChessBase"]
[SourceDate "2022.09.30"]
[SourceVersion "1"]
[SourceVersionDate "2022.09.30"]
[SourceQuality "1"]

1. Nf3 Nf6 2. b3 g6 3. Bb2 Bg7 4. e3 0-0 5. Be2 d6 6. c4 e5 7. d3 Qe7 8. 0-0 c6 9. Qc2 Re8 10. Re1 Nbd7 11. Nc3 Nf8 12. b4 Bf5 13. Qb3 h6 14. b5 Ne6 15. a4 Nc5 16. Qd1 Rad8 17. d4 Nce4 18. a5 Nxc3 19. Bxc3 Ne4 20. Bb2 c5 21. d5 Nxf2 22. Kxf2 e4 23. Bxg7 exf3 24. Bxf3 Kxg7 25. Qd2 Qe5 26. b6 axb6 0-1

[Event "GER-ch blitz (Women)"]
[Site "Magdeburg"]
[Date "2022.08.13"]
[Round "16"]
[White "Wulf, Constanze"]
[Black "Schulze, Lara"]
[Result "0-1"]
[WhiteElo "1848"]
[BlackElo "2140"]
[PlyCount "36"]
[EventDate "2022.08.13"]
[EventType "tourn (blitz)"]
[EventRounds "23"]
[EventCountry "GER"]
[SourceTitle "CBM 209 Extra"]
[Source "ChessBase"]
[SourceDate "2022.09.30"]
[SourceVersion "1"]
[SourceVersionDate "2022.09.30"]
[SourceQuality "1"]

1. Nf3 d5 2. b3 Bg4 3. e3 Nf6 4. Bb2 Nbd7 5. h3 Bh5 6. Be2 e6 7. 0-0 Bd6 8. d3 0-0 9. Nbd2 e5 10. c4 c6 11. Rc1 Re8 12. Re1 Qe7 13. Qc2 h6 14. Nf1 Bg6 15. Ng3 e4 16. dxe4 Bxg3 17. fxg3 Nxe4 18. Bd3 Ndc5 0-1

[Event "GER-ch blitz (Women)"]
[Site "Magdeburg"]
[Date "2022.08.13"]
[Round "1"]
[White "Wulf, Constanze"]
[Black "Skibbe, Diana"]
[Result "0-1"]
[WhiteElo "1848"]
[BlackElo "2004"]
[PlyCount "75"]
[EventDate "2022.08.13"]
[EventType "tourn (blitz)"]
[EventRounds "23"]
[EventCountry "GER"]
[SourceTitle "CBM 209 Extra"]
[Source "ChessBase"]
[SourceDate "2022.09.30"]
[SourceVersion "1"]
[SourceVersionDate "2022.09.30"]
[SourceQuality "1"]

1. Nf3 f5 2. b3 Nf6 3. Bb2 d6 4. e3 e5 5. d4 e4 6. Nfd2 g6 7. c4 Bg7 8. Nc3 0-0 9. Be2 Nc6 10. a3 a5 11. Qc2 h6 12. h4 Kh7 13. 0-0-0 d5 14. cxd5 Nxd5 15. Nxd5 Qxd5 16. Bc4 Qd6 17. h5 g5 18. f3 exf3 19. gxf3 Ne7 20. Bd3 Nd5 21. Rde1 Kh8 22. e4 Nf4 23. Bc4 c6 24. d5 b5 25. Bxg7+ Kxg7 26. Qc3+ Kh7 27. Bf1 b4 28. Qc4 Ba6 29. Qd4 Bxf1 30. Rhxf1 c5 31. Qc4 a4 32. bxa4 Rxa4 33. axb4 Rxb4 34. Qc3 Qa6 35. exf5 Nd3+ 36. Kd1 Nb2+ 37. Kc2 Qa4+ 38. Kc1 0-1

[Event "GER-ch Blitz (Women)"]
[Site "Magdeburg"]
[Date "2021.08.01"]
[Round "3"]
[White "Kosovska, Olena"]
[Black "Wulf, Constanze"]
[Result "0-1"]
[WhiteElo "1881"]
[BlackElo "1817"]
[PlyCount "104"]
[EventDate "2021.08.01"]
[EventType "tourn (blitz)"]
[EventRounds "21"]
[EventCountry "GER"]
[SourceTitle "CBM 203 Extra"]
[Source "ChessBase"]
[SourceDate "2021.09.30"]
[SourceVersion "1"]
[SourceVersionDate "2021.09.30"]
[SourceQuality "1"]

1. e4 c5 2. Nc3 d6 3. f4 g6 4. Nf3 Bg7 5. Bc4 e6 6. 0-0 Ne7 7. d3 Nbc6 8. Qe1 0-0 9. Qh4 a6 10. a3 b5 11. Bb3 Nd4 12. Ng5 h6 13. Nf3 Nxb3 14. cxb3 Bb7 15. f5 exf5 16. Bxh6 Nc6 17. Ng5 Bf6 18. Nd5 Re8 19. exf5 Ne5 20. Nxf6+ Qxf6 21. fxg6 Qxg6 22. Ne4 Bxe4 23. dxe4 Re6 24. Bg5 Nd7 25. Rf5 Rae8 26. Raf1 Rxe4 27. Qf2 Ne5 28. h4 d5 29. Rf6 Qg7 30. Qf5 Re2 31. Rxa6 d4 32. h5 d3 33. h6 Qh7 34. Qf4 d2 35. Qg3 c4 36. Bf6+ Kf8 37. Bg7+ Kg8 38. Bxe5+ Kf8 39. Bg7+ Kg8 40. Bc3+ Kf8 41. Raf6 R8e6 42. Rxf7+ Qxf7 43. Rxf7+ Kxf7 44. Qf3+ Ke7 45. h7 Re1+ 46. Kh2 d1Q 47. Bxe1 Qxe1 48. h8Q Qe5+ 49. Qg3 Qxh8+ 50. Qh3 Rh6 51. Kg1 Rxh3 52. gxh3 Qxh3 0-1

[Event "GER-ch Blitz (Women)"]
[Site "Magdeburg"]
[Date "2021.08.01"]
[Round "19"]
[White "Muetsch, Annmarie"]
[Black "Wulf, Constanze"]
[Result "1-0"]
[WhiteElo "2259"]
[BlackElo "1817"]
[PlyCount "85"]
[EventDate "2021.08.01"]
[EventType "tourn (blitz)"]
[EventRounds "21"]
[EventCountry "GER"]
[SourceTitle "CBM 203 Extra"]
[Source "ChessBase"]
[SourceDate "2021.09.30"]
[SourceVersion "1"]
[SourceVersionDate "2021.09.30"]
[SourceQuality "1"]

1. e4 c5 2. Nc3 d6 3. d4 cxd4 4. Qxd4 Nc6 5. Qd2 g6 6. b3 Bg7 7. Bb2 Nf6 8. 0-0-0 0-0 9. f3 a6 10. Kb1 Qc7 11. g4 b5 12. Nge2 Bb7 13. Ng3 Rfc8 14. g5 Nd7 15. Nd5 Qd8 16. Bxg7 Kxg7 17. f4 e6 18. Ne3 Nc5 19. h4 a5 20. h5 a4 21. hxg6 fxg6 22. Qh2 Qg8 23. f5 axb3 24. cxb3 Nb4 25. f6+ Kf7 26. Qxh7+ Qxh7 27. Rxh7+ Kg8 28. Rg7+ Kf8 29. Rd2 Nxe4 30. Nxe4 Bxe4+ 31. Ka1 Rc1+ 32. Kb2 Rb1+ 33. Kc3 Nxa2+ 34. Kd4 Bf5 35. Bd3 e5+ 36. Kd5 Nb4+ 37. Kxd6 Nxd3 38. Nxf5 Rd8+ 39. Kc7 Rc1+ 40. Kxd8 gxf5 41. Rxd3 e4 42. Rdd7 e3 43. Rdf7# 1-0

[Event "GER-ch Blitz (Women)"]
[Site "Magdeburg"]
[Date "2021.08.01"]
[Round "15"]
[White "Stangl, Anita"]
[Black "Wulf, Constanze"]
[Result "1-0"]
[WhiteElo "2005"]
[BlackElo "1817"]
[PlyCount "36"]
[EventDate "2021.08.01"]
[EventType "tourn (blitz)"]
[EventRounds "21"]
[EventCountry "GER"]
[SourceTitle "CBM 203 Extra"]
[Source "ChessBase"]
[SourceDate "2021.09.30"]
[SourceVersion "1"]
[SourceVersionDate "2021.09.30"]
[SourceQuality "1"]

1. e4 d5 2. exd5 Qxd5 3. Nf3 Nf6 4. Be2 e6 5. 0-0 Be7 6. d4 a6 7. c4 Qd8 8. Nc3 0-0 9. Ne5 Nbd7 10. f4 c5 11. Be3 cxd4 12. Bxd4 Qc7 13. Qe1 Bc5 14. Qf2 Bxd4 15. Qxd4 Qc5 16. Qxc5 Nxc5 17. Bf3 Rd8 18. Rad1 Rb8 1-0

[Event "GER-ch (Women)"]
[Site "Magdeburg"]
[Date "2021.07.27"]
[Round "4"]
[White "Lukas, Anne"]
[Black "Wulf, Constanze"]
[Result "1-0"]
[WhiteElo "1938"]
[BlackElo "1817"]
[PlyCount "77"]
[EventDate "2021.07.25"]
[EventType "swiss"]
[EventRounds "9"]
[EventCountry "GER"]
[SourceTitle "CBM 203 Extra"]
[Source "ChessBase"]
[SourceDate "2021.09.30"]
[SourceVersion "1"]
[SourceVersionDate "2021.09.30"]
[SourceQuality "1"]

1. g3 c5 2. Bg2 Nc6 3. b3 Nf6 4. Bb2 e6 5. c4 Be7 6. Nf3 0-0 7. 0-0 d5 8. cxd5 Nxd5 9. d3 Bd7 10. Nbd2 Rc8 11. Rc1 b6 12. Nc4 Bf6 13. Bxf6 Qxf6 14. e4 Nc7 15. e5 Qe7 16. d4 cxd4 17. Nxd4 Nxd4 18. Qxd4 Bb5 19. Qd6 Qd8 20. Qa3 Bxc4 21. bxc4 a6 22. Rfd1 Qg5 23. f4 Qg4 24. Bf3 Qf5 25. Rd7 Na8 26. Qxa6 g5 27. Qb7 gxf4 28. Be4 Qxe5 29. gxf4 Qxf4 30. Rf1 Qg5+ 31. Kh1 Qh5 32. Rdxf7 Rxf7 33. Qxc8+ Kg7 34. Rg1+ Kf6 35. Qd8+ Ke5 36. Rg5+ Kxe4 37. Rxh5 Rf1+ 38. Kg2 Rd1 39. Qxd1 1-0

[Event "GER-ch (Women)"]
[Site "Magdeburg"]
[Date "2021.07.25"]
[Round "1"]
[White "Wulf, Constanze"]
[Black "Bashylina, Luisa"]
[Result "0-1"]
[WhiteElo "1817"]
[BlackElo "1992"]
[PlyCount "80"]
[EventDate "2021.07.25"]
[EventType "swiss"]
[EventRounds "9"]
[EventCountry "GER"]
[SourceTitle "CBM 203 Extra"]
[Source "ChessBase"]
[SourceDate "2021.09.30"]
[SourceVersion "1"]
[SourceVersionDate "2021.09.30"]
[SourceQuality "1"]

1. d4 Nf6 2. c4 g6 3. Nc3 d5 4. Bg5 Bg7 5. e3 0-0 6. Nf3 c6 7. Bd3 Bg4 8. h3 Bxf3 9. Qxf3 dxc4 10. Bxc4 Qa5 11. Bxf6 Bxf6 12. 0-0 Nd7 13. Rac1 Rac8 14. Ne4 Bg7 15. Rc2 Nb6 16. Bb3 Nd5 17. a3 Qb6 18. Ba2 h6 19. Rfc1 Rcd8 20. Qe2 e5 21. dxe5 Bxe5 22. b4 a6 23. Rc5 Rfe8 24. Rd1 Bg7 25. Qc2 Kh7 26. Bxd5 cxd5 27. Nc3 d4 28. Nd5 Qd6 29. e4 Qe5 30. Nc7 d3 31. Qd2 Qxe4 32. Nxe8 Qxe8 33. Re1 Qd7 34. Rc4 h5 35. Rd1 Bh6 36. Qc3 d2 37. Qc2 Re8 38. Qb1 Qe6 39. Rc7 Qe1+ 40. Kh2 Bf4+ 0-1

[Event "GER-ch rapid (Women) 46th"]
[Site "Plochingen"]
[Date "2020.09.19"]
[Round "5"]
[White "Birkholz, Olga"]
[Black "Wulf, Constanze"]
[Result "1-0"]
[WhiteElo "2018"]
[BlackElo "1817"]
[PlyCount "77"]
[EventDate "2020.09.19"]
[EventType "swiss (rapid)"]
[EventRounds "9"]
[EventCountry "GER"]
[SourceTitle "CBM 198 Extra"]
[Source "ChessBase"]
[SourceDate "2020.11.30"]
[SourceVersion "1"]
[SourceVersionDate "2020.11.30"]
[SourceQuality "1"]

1. e4 c5 2. g3 d6 3. Bg2 Nc6 4. b3 Nf6 5. Bb2 g6 6. Nc3 Bg7 7. Nge2 Bd7 8. Nd5 e6 9. Ne3 Qc7 10. 0-0 h5 11. d4 cxd4 12. Nxd4 Nxd4 13. Bxd4 0-0 14. Qd3 Rfd8 15. Rad1 Bc6 16. c4 a5 17. f4 Rab8 18. Qc3 Ne8 19. e5 Bxg2 20. Nxg2 d5 21. cxd5 Qxc3 22. Bxc3 Rxd5 23. Rxd5 exd5 24. Rd1 Nc7 25. Bxa5 b6 26. Bb4 Bf8 27. Bd6 Rb7 28. Ne3 Nb5 29. Bxf8 Kxf8 30. Rxd5 Nc3 31. Rd8+ Ke7 32. Ra8 Rd7 33. Nc4 b5 34. Nd6 Rc7 35. Kf2 Ke6 36. Ke3 b4 37. Ra6 Kd7 38. Nc4 Nd5+ 39. Kd4 1-0

[Event "BL2 West 1920 (Women)"]
[Site "Germany"]
[Date "2019.12.14"]
[Round "3.3"]
[White "Wulf, Constanze"]
[Black "Ciolacu, Alessia Mihaela"]
[Result "1/2-1/2"]
[WhiteElo "1741"]
[BlackElo "2069"]
[PlyCount "56"]
[EventDate "2019.09.14"]
[EventType "team-tourn"]
[EventRounds "7"]
[EventCountry "GER"]
[SourceTitle "EXT 2021"]
[Source "ChessBase"]
[SourceDate "2020.10.23"]
[SourceVersion "1"]
[SourceVersionDate "2020.10.23"]
[SourceQuality "1"]
[WhiteTeam "Hamburger SK (W) II"]
[BlackTeam "Hemer (W)"]
[WhiteTeamCountry "GER"]
[BlackTeamCountry "GER"]

1. e4 e5 2. Nf3 Nc6 3. Bc4 Nf6 4. Ng5 d5 5. exd5 Na5 6. Bb5+ c6 7. dxc6 bxc6 8. Bd3 Nd5 9. Nf3 Bd6 10. 0-0 0-0 11. Re1 Re8 12. Nc3 Bg4 13. Ne4 Bc7 14. h3 Bf5 15. b3 Nf4 16. Bb2 Nxd3 17. cxd3 Qxd3 18. Ng3 f6 19. Nxf5 Qxf5 20. Rc1 e4 21. Nh2 Bxh2+ 22. Kxh2 Qxf2 23. Rf1 Qb6 24. Qg4 Kf7 25. Qh5+ Kg8 26. Qg4 Kf7 27. Qh5+ Kg8 28. Qg4 Kf7 1/2-1/2

[Event "Blankenese op 3rd"]
[Site "Hamburg"]
[Date "2019.10.04"]
[Round "3"]
[White "Wulf, Constanze"]
[Black "Fasahat, Hossein"]
[Result "1-0"]
[WhiteElo "1808"]
[BlackElo "1500"]
[PlyCount "49"]
[EventDate "2019.10.03"]
[EventType "swiss"]
[EventRounds "7"]
[EventCountry "GER"]
[SourceTitle "EXT 2023"]
[Source "ChessBase"]
[SourceDate "2022.10.05"]
[SourceVersion "1"]
[SourceVersionDate "2022.10.05"]
[SourceQuality "1"]

1. e4 d6 2. f4 Nf6 3. Nc3 c6 4. Nf3 Bg4 5. d4 Qa5 6. Bd3 e5 7. dxe5 dxe5 8. fxe5 Nfd7 9. Bf4 Nxe5 10. Bxe5 Bxf3 11. Qxf3 Qxe5 12. Bc4 f6 13. 0-0-0 Nd7 14. Qh3 0-0-0 15. Rd3 g6 16. Be6 f5 17. exf5 Be7 18. Rhd1 Kb8 19. Bxd7 Rdf8 20. Kb1 Ka8 21. Re3 Qg7 22. Qg4 g5 23. Bxc6 bxc6 24. Rd7 Rf7 25. Qa4 1-0

[Event "GER-chT Federal Cup (Women)"]
[Site "Braunfels"]
[Date "2019.06.22"]
[Round "4.18"]
[White "Wulf, Constanze"]
[Black "Arnhold, Steffi"]
[Result "1-0"]
[WhiteElo "1711"]
[BlackElo "1996"]
[PlyCount "113"]
[EventDate "2019.06.20"]
[EventType "team-swiss"]
[EventRounds "5"]
[EventCountry "GER"]
[SourceTitle "CBM 191 Extra"]
[Source "ChessBase"]
[SourceDate "2019.09.30"]
[SourceVersion "1"]
[SourceVersionDate "2019.09.30"]
[SourceQuality "1"]

1. e4 c5 2. Nf3 Nc6 3. Bb5 g6 4. Bxc6 dxc6 5. d3 Bg7 6. 0-0 Nf6 7. Nc3 0-0 8. Be3 b6 9. Qd2 Bb7 10. a3 Qc7 11. Bf4 Qc8 12. Bh6 Rd8 13. Bxg7 Kxg7 14. Qg5 Qe6 15. Qh4 h6 16. Rad1 g5 17. Qg3 Nh5 18. Qe5+ Qxe5 19. Nxe5 f6 20. Ng4 Rd7 21. g3 Kh7 22. Ne3 Ng7 23. f4 Ne6 24. fxg5 hxg5 25. Rf2 Nd4 26. Rdf1 Kg6 27. e5 fxe5 28. Ng4 Rc7 29. Nxe5+ Kh6 30. Ne4 Rg8 31. g4 Bc8 32. Rf8 Rxf8 33. Rxf8 Be6 34. c3 Ne2+ 35. Kf2 Nf4 36. Ke3 Rc8 37. Rxc8 Bxc8 38. Nf7+ Kg6 39. Nfxg5 e5 40. h3 Ba6 41. c4 Bc8 42. Nf3 Nxh3 43. Nxe5+ Kh6 44. Kf3 Ng5+ 45. Kf4 Ne6+ 46. Kf5 Kg7 47. Nd6 Nd4+ 48. Ke4 Be6 49. Kf4 Ne2+ 50. Kg5 Nd4 51. Nf5+ Bxf5 52. gxf5 Kf8 53. Kg6 Ne2 54. f6 Nf4+ 55. Kf5 Nh5 56. Ke6 Nf4+ 57. Kd6 1-0